Statistiques concernant Équipes ayant affrontées le PSG en phase de poules de la LDC

Cliquez ici pour prendre le quiz!

Statistiques générales

  • Ce quiz a été pris 758 fois
  • Le résultat moyen est 9 sur 21

Statistiques - réponses

AnnéeRéponse% Correct
2019-2020Real Madrid
89%
2015-2016Real Madrid
89%
2020-2021Manchester United
74%
2018-2019Liverpool
71%
2017-2018Bayern Munich
64%
2018-2019Naples
58%
2016-2017Arsenal
52%
2014-2015FC Barcelone
47%
2017-2018Anderlecht
42%
2019-2020Galatasaray
41%
2020-2021RB Leipzig
39%
2017-2018Celtic Glasgow
36%
2018-2019Étoile rouge de Belgrade
33%
2019-2020Club Bruges
26%
2020-2021Istanbul Basaksehir
25%
2016-2017Ludogorets Razgrad
21%
2014-2015Ajax Amsterdam
20%
2016-2017FC Bâle
14%
2014-2015APOEL Nicosie
13%
2015-2016Malmö FC
6%
2015-2016Chakhtar Donetsk
4%

Distribution des résultats

Percentile par nombre de réponses

% des personnes avec chaque résultat

Votre développement - résultats

Vous n’avez pas pris ce quiz